00597nam a2200193 a 4500008004100000020003200041040002500073041001300098044000900111080001200120100002400132245007900156260006500235300001000300490001900310500003700329700000800366700002900374951123s1983||||[C 0 slo c c29 Kčs. q(22000 výtl.) aSNKbslocSNKeAACR21 aslohslo a[CS] a885.4-31 aLenčo, Ján4aut10aŽena medzi kráľmicJán Lenčo ; Pavol Blažo, Beata Nágelová aBratislavabSlovenský spisovateľc1983eŽilinafPravda c20 cm0 aNová próza aIlustr. na front. a predsádke.1 4bkd1 aNágelová, Beata4bkd